000 00383nam a22001571a 4500
020 _a9780719566561
082 _a823
_bRUT/J
100 _aRuth Prawer Jhabvala
245 _aHeat and dust/
_cby Ruth Prawer Jhabvala
260 _aLondon:
_bJohn Murray,
_c2003.
300 _a181p.
650 _aNovel English
650 _aLiterature English
650 _aLiterature
942 _cBK
999 _c17271
_d17271